banner koha

Niveis de fosforo (P2O5)no plantio do cafeeiro em solo de cerrado (Registro n. 317942)

MARC details
000 -LÍDER
campo de controle de tamanho fixo 01190naa a22003377a 4500
001 - NÚMERO DE CONTROLE
campo de controle BR8700500
003 - IDENTIFICADOR DO NÚMERO DE CONTROLE
campo de controle BR-BrBNA
005 - DATA E HORÁRIO DA ÚLTIMA TRANSAÇÃO
campo de controle 20240918175730.0
007 - CAMPO FIXO DE DESCRIÇÃO FÍSICA--INFORMAÇÃO GERAL
campo de controle de tamanho fixo ta
008 - CAMPO DE DADOS FIXOS--INFORMAÇÃO GERAL
campo de controle de tamanho fixo 230509b bl.||||| |||| 00| 0 por d
040 ## - FONTE DA CATALOGAÇÃO
Instituição da catalogação original BR-BrBNA
Idioma da catalogação por
Instituição que transcreveu o registro Biblioteca Nacional de Agricultura
041 ## - CÓDIGO DE IDIOMA
Código do idioma do texto/trilha sonora ou título diferente (Pt)
072 ## - CÓDIGO DE CATEGORIA DE ASSUNTO
Código de Categoria de Assunto F61; P35
Código do objeto 2120
-- 3830
-- GZ74
090 ## - NÚMERO DE CHAMADA LOCAL
Número de chamada F61 BR8700500
100 1# - ENTRADA PRINCIPAL--NOME PESSOAL
Nome pessoal Garcia, A.W.R.
100 1# - ENTRADA PRINCIPAL--NOME PESSOAL
Nome pessoal Matiello, J.B.
100 1# - ENTRADA PRINCIPAL--NOME PESSOAL
Nome pessoal Freire, A.C.F.
100 1# - ENTRADA PRINCIPAL--NOME PESSOAL
Nome pessoal Salgado, P.R.
111 1# - ENTRADA PRINCIPAL--NOME DO EVENTO
Nome do evento ou lugar 10. Congresso Brasileiro de Pesquisas Cafeeiras
Local do evento Pocos de Caldas, MG (Brazil)
Data do evento ou assinatura do tratado 29 Aug 1983
245 1# - TÍTULO
Título Niveis de fosforo (P2O5)no plantio do cafeeiro em solo de cerrado
260 3# - PUBLICAÇÃO, DISTRIBUIÇÃO, ETC.
Local de publicação, distribuição, etc. Rio de Janeiro, RJ (Brasil):
Data da publicação, distribuição, etc. 1983.
500 ## - NOTA GERAL
Nota geral Anais do 10. Congresso Brasileiro de Pesquisas Cafeeiras<br/>Rio de Janeiro, RJ (Brasil): 1983. p. 183-184<br/>(BR8700500-AM)F61<br/>
650 ## - ASSUNTO--TERMO TÓPICO
Cabeçalho tópico ou nome geográfico FOSFORO
650 ## - ASSUNTO--TERMO TÓPICO
Cabeçalho tópico ou nome geográfico NUTRICAO VEGETAL
650 ## - ASSUNTO--TERMO TÓPICO
Cabeçalho tópico ou nome geográfico CAFE
650 ## - ASSUNTO--TERMO TÓPICO
Cabeçalho tópico ou nome geográfico ADUBACAO
650 ## - ASSUNTO--TERMO TÓPICO
Cabeçalho tópico ou nome geográfico CERRADO
773 0# - ENTRADA ANALÍTICA
Título Anais do 10. Congresso Brasileiro de Pesquisas Cafeeiras
Número de controle do registro F61 BR8700500
Partes relacionadas Rio de Janeiro, RJ (Brasil), 1983. p. 183-184
909 ## -
-- 202404
-- Lucia
-- 55
-- Lucia Elande
942 ## - ELEMENTOS DE ENTRADA ADICIONADOS (KOHA)
Tipo de material Koha Capítulo-Livro
Fonte da classificação ou esquema de arquivamento na estante Classificação AGRIS
Exemplares
Situação do descarte Fonte da classificação ou esquema de arquivamento na estante Situação física Não pode ser emprestado Biblioteca de origem Biblioteca atual Total de empréstimos Número de telefone completo Código de barras Data de último acesso Número do exemplar Tipo de material Koha Situação das perdas Data de aquisição Fonte de aquisição Qualificador de local codificado Custo, preço normal de compra Número do inventário Custo, preço de reposição Preço efetivo de
  Classificação AGRIS     Biblioteca Nacional de Agricultura - Binagri Biblioteca Nacional de Agricultura - Binagri   2120 BR8304818 2026-1286 20/05/2024 01 Capítulo-Livro   2024-04-11 Portaria Interministerial nº 164/94          

BINAGRI

Telefone: (61)3218-2567/2388/3357/2097 - binagri@agro.gov.br

Ministério da Agricultura e Pecuária , Esplanada dos Ministérios, Bloco D, Anexo B, Brasília/DF, CEP: 70.043-900